000 005550000a22001810004500
003 MACL
005 20160224125926.0
008 160224b xxu||||| |||| 00| 0 eng d
040 _aMACL
_cMACL
041 _aHindi
082 _a630
100 _aफूलदेवसहाय वर्मा
_939971
245 _aखाद और उर्वरक
260 _bप्रकाशन शाखा सूचना विभाग
_aउत्‍तर प्रदेश
350 _a10
650 _aAgriculture
_939972
942 _cHIN
_k630
_2ddc
999 _c25635
_d25635